01706nam a22002177a 450000500170000000800410001704000440005804100080010208200140011010000340012424200570015824500430021526001680025830000470042650007250047350501690119850600210136754600220138865000420141065100360145220250120112727.0130821s1924 it a fr 1 ita  aCo-BoUCMbspacSandra YazodSandra Yazo0 aita04a949.52211 aFerrero, Guglielmod1871-194204aLas mujeres de los CésarescGuillermo Ferreroyspa13aLe donne dei CesaricGuglielmo Ferrero aMilano [Milán] (Italia)bEdizioni Athena ; Stabilimento Tipo-Litografico R. Longatti [Ediciones Atenea ; Establecimiento tipo-litográfico de R. Longatti]c1925 avii, 162, [1], [12] páginasc18 x 12 cm. aDetalles físicos: Sin encuadernación original, actualmente, encuadernación rígida (holandesa): cartón forrado en papel jaspeado (marrón). Lomo en tela texturizada, con letras y líneas decorativas en dorado. Guardas. Anteportada. Hoja de papel especial con fotografía de una estatua de Augusto, a modo de frontispicio. Portada impresa en una sola tinta; grabado con imagen alusiva a la editorial: cabeza de Atenea. Texto impreso en una columna, con diferentes tipos y tamaños de letra. Reproducciones fotográficas en hojas de papel satinado (fuera del texto), con efigies de algunos emperadores y sus mujeres. Cortes decorados con jaspeados de color azul. Índice. Residuos de cinta pegante en tapas.0 aPrefacio ; La mujer en la antigua Roma ; Livia ; Las hijas de Agripa ; Tiberio y Agripina ; La mujer de Calígula y el matrimonio de Mesalina ; La madre de Nerón aConsulta en sala aTexto en italiano 7aMujeres en la historiaxRoma (Italia) 4aRoma (Italia)xHistoria antigua